LIBRARY ONLINE CATALOGUE

March's advanced organic chemistry : (Record no. 20588)

MARC details
000 -LEADER
fixed length control field 00490nam a22001577a 4500
008 - FIXED-LENGTH DATA ELEMENTS--GENERAL INFORMATION
fixed length control field 250131b |||||||| |||| 00| 0 eng d
020 ## - INTERNATIONAL STANDARD BOOK NUMBER
International Standard Book Number 9781119371807
050 ## - LIBRARY OF CONGRESS CALL NUMBER
Classification number QD251.2
Item number .S65
100 ## - MAIN ENTRY--PERSONAL NAME
Personal name Smith, Michael B.
245 ## - TITLE STATEMENT
Title March's advanced organic chemistry :
Remainder of title Reaction, Mechanisms, and structure / by
Statement of responsibility, etc. Michael B. Smith
250 ## - EDITION STATEMENT
Edition statement 8th ed.
260 ## - PUBLICATION, DISTRIBUTION, ETC. (IMPRINT)
Place of publication, distribution, etc. U. S. A.
Name of publisher, distributor, etc. Wiley & Sons
Date of publication, distribution, etc. 2020
300 ## - PHYSICAL DESCRIPTION
Extent xxxiii, 2104p.
Other physical details Includes index
650 ## - SUBJECT ADDED ENTRY--TOPICAL TERM
Topical term or geographic name as entry element Chemistry, Organic
942 ## - ADDED ENTRY ELEMENTS (KOHA)
Source of classification or shelving scheme Library of Congress Classification
Koha item type General Collection
Holdings
Withdrawn status Lost status Source of classification or shelving scheme Not for loan Home library Current library Shelving location Date acquired Cost, normal purchase price Inventory number Total Checkouts Full call number Barcode Date last seen Date last checked out Copy number Price effective from Koha item type
    Library of Congress Classification   Kabarak, Main Campus Kabarak, Main Campus General Stacks 31/01/2025 24297.00 2025/2007 1 QD251.2 .S65 2020 C.1 33511 08/03/2025 08/03/2025 C.1 31/01/2025 General Collection
    Library of Congress Classification   Kabarak, Main Campus Kabarak, Main Campus General Stacks 31/01/2025 24297.00 2025/2008   QD251.2 .S65 2020 C.2 33512 31/01/2025   C.2 31/01/2025 General Collection